საქართველოს ისტორიული გეოგრაფიის ძირითადი საკითხები : (ბიბ.ჩანაწერი № 53412)
[ მარტივი ფორმატი ]
| 000 -ლიდერი | |
|---|---|
| ფიქსირებული სიგრძის საკონტროლო ველი | 01548nam a2200265Ia 4500 |
| 001 - საკონტროლო ნომერი | |
| საკონტროლო ველი | 20455 |
| 003 - საკონტროლო ნომრის იდენტიფიკატორი | |
| საკონტროლო ველი | GE_BSU |
| 005 - ბოლო ოპერაციის თარიღი და დრო | |
| საკონტროლო ველი | 20230508111540.0 |
| 008 - ფიქსირებული სიგრძის მონაცემთა ელემენტები - ზოგადი ინფორმაცია | |
| ფიქსირებული სიგრძის საკონტროლო ველი | 181216s1977||||ge |||||||||||||| ||geo|| |
| 040 ## - კატალოგიზაციის წყარო | |
| Transcribing agency | GE_BSU |
| 041 ## - ენის კოდი | |
| Language code of text/sound track or separate title | geo |
| 080 ## - უნივერსალური ათობითი კლასიფიკაციის ინდექსი | |
| Universal Decimal Classification number | 913.1(479.22) მ-92 |
| 100 ## - მთავარი ჩანაწერი - პიროვნების სახელი | |
| Personal name | მუსხელიშვილი, დ. |
| 9 (RLIN) | 3201 |
| 245 ## - ცნობა სათაურის შესახებ | |
| Title | საქართველოს ისტორიული გეოგრაფიის ძირითადი საკითხები : |
| Remainder of title | ნაწ. 1 / |
| Statement of responsibility, etc | დ. მუსხელიშვილი; ივ. ჯავახიშვილის სახ. ისტორიის, არქეოლოგიისა და ეთნოგრაფიის ინ-ტი. |
| 264 ## - წარმოების, გამოცემის, დისტრიბუციის და სხვა ცნობები | |
| გამოცემის, წარმოების, დისტრიბუციის... ადგილი | თბილისი : |
| გამოცემის, წარმოების, დისტრიბუციის... სახელწოდება | მეცნიერება, |
| გამოცემის, წარმოების, დისტრიბუციის... თარიღი | 1977. |
| 300 ## - ფიზიკური აღწერა | |
| Accompanying material | 258 გვ. : |
| Extent | 25 სმ. |
| 501 ## - შენიშვნა თანმხლებ მასალაზე | |
| With note | დანართი: რუკა 1 ფ., დაკ. 8 საძიებელი: გვ. 238-256.გვ. |
| 520 ## - SUMMARY, ETC. | |
| Summary, etc | რეზ. რუს. ენ. |
| 653 ## - INDEX TERM--UNCONTROLLED | |
| Uncontrolled term | საქართველოს ისტორიული გეოგრაფია |
| 700 ## - ADDED ENTRY--PERSONAL NAME | |
| Personal name | ძიძიგური, ვ. |
| Relator term | რედაქტორი |
| 9 (RLIN) | 3813 |
| 700 ## - ADDED ENTRY--PERSONAL NAME | |
| Personal name | ნადირაძე, გ. |
| Relator term | მხატვარი |
| 9 (RLIN) | 18020 |
| 710 ## - ADDED ENTRY--CORPORATE NAME | |
| Corporate name or jurisdiction name as entry element | ივ. ჯავახიშვილის სახ. ისტორიის, არქეოლოგიისა და ეთნოგრაფიის ინსტიტუტი. |
| 9 (RLIN) | 18021 |
| 942 ## - ADDED ENTRY ELEMENTS (KOHA) | |
| Koha item type | წიგნი |
| Source of classification or shelving scheme | |
| ჩამოწერის სტატუსი | დაკარგული ეგზემპლარის სტატუსი | კლასიფიკაციის წყარო ან თაროზე გაწყობის სქემა | დაზიანების სტატუსი | არ გაიცემა | მუდმივი მდებარეობა (დაცვის ადგილი) | ამჟამინდელი ადგილსამყოფელი | თაროზე განთავსების ადგილი | შეძენის თარიღი | ღირებულება, შესყიდვის ნორმალური ფასი | სრული შენახვის შიფრი | შტრიხკოდი | ბოლო ოპერაციის თარიღი | ეგზემპლარის მიმდევრობითი ნომერი (კეტერი?) | ფასის ძალაში შესვლის თარიღი | ეგზემპლარის სახეობა | საჯარო შენიშვნა |
|---|---|---|---|---|---|---|---|---|---|---|---|---|---|---|---|---|
| ბათუმის შოთა რუსთაველის სახელმწიფო უნივერსიტეტის მთავარი ბიბლიოთეკა | ბათუმის შოთა რუსთაველის სახელმწიფო უნივერსიტეტის მთავარი ბიბლიოთეკა | წიგნსაცავი | 2018-12-17 | 8.35 | 913.1(479.22) მ-92 | 00475 ქსერ | 2018-12-17 | 00475 | 2018-12-17 | ქსეროასლი | 8 ლ.35 თ. | |||||
| ბათუმის შოთა რუსთაველის სახელმწიფო უნივერსიტეტის მთავარი ბიბლიოთეკა | ბათუმის შოთა რუსთაველის სახელმწიფო უნივერსიტეტის მთავარი ბიბლიოთეკა | წიგნსაცავი | 2018-12-17 | 8.35 | 913.1(479.22) მ-92 | 00477 ქსერ | 2018-12-17 | 00477 | 2018-12-17 | ქსეროასლი | 8 ლ.35 თ. |
